000 00615nam a22001811cc4500
001 a987679999+Band10
035 _aa987679999
008 170707s1952 gw |||| 000u ger d
245 0 0 _aHistoria Mundi
_nBand 10
_pDas 19. und 20. Jahrhundert
264 _aBern :
_bFrancke,
_c1952-1961
300 _a818 S. : 1 Bl. Beil. in Rückenschlaufe
700 1 _aAngermann, Erich
_eHerausgeberIn
_917877
246 1 2 _aHistoria Mundi : ein Handbuch der Weltgeschichte in zehn Bänden. Das 19. und 20. Jahrhundert
_nBand 10
773 0 8 _wa987679999
_qBand10
942 _cMG
040 _cRU-10907106
003 RU-10907106
999 _c48634
_d48634